| 000 | 00434nam a2200169Ia 4500 | ||
|---|---|---|---|
| 008 | 230711s9999||||xx |||||||||||||| ||und|| | ||
| 020 | _a978-81-203-5092-2 | ||
| 041 | _aENG | ||
| 082 |
_a620.11 _bRA-M |
||
| 100 | _aRaghavan ,V | ||
| 245 | 0 | _aMaterials Science and Engineering: A first Course | |
| 250 | _a6th Ed. | ||
| 260 |
_c2022 _aNew Delhi _bPHI Learning Private Limited |
||
| 300 | _a463p. | ||
| 650 | _aPhysics | ||
| 942 | _cBK | ||
| 999 |
_c7007 _d7007 |
||